| 000 | 00000nam 22000008a 4500 |
| 001 | 9.848044 |
| 003 | CaOODSP |
| 005 | 20221107153600 |
| 007 | cr ||||||||||| |
| 008 | 171129s2018 onca o f000 0 fre d |
| 020 | |a9780660240558|z9780660240565 |
| 040 | |aCaOODSP|bfre |
| 043 | |an-cn--- |
| 086 | 1 |aNR16-185/2017F-PDF |
| 110 | 2 |aConseil national de recherches Canada. |
| 245 | 10|aAnalytique pour produits biologiques et vaccins |h[ressource électronique]. |
| 260 | |a[Ottawa] : |bConseil national de recherches Canada, |c2018. |
| 300 | |a[2] p. : |bill. en coul. |
| 500 | |aPubl. aussi en anglais sous le titre : Analytics for biologics and vaccines. |
| 500 | |aTitre de départ. |
| 500 | |a« Janvier 2018. » |
| 520 | |a« Les concepteurs de produits biologiques et de vaccins exploitent nos compétences en analytique pour faire progresser leurs traitements novateurs de la découverte à la demande d’essais cliniques. Nous transférons également nos données et méthodes à des organismes de recherche et de fabrication à contrat afin de leur permettre d’offrir de nouveaux services pour renforcir l’écosystème biopharmaceutique au Canada » -- P. [1]. |
| 530 | |aÉgalement publ. en version imprimée. |
| 693 | 4|aBiotechnologie pharmaceutique |
| 775 | 08|tAnalytics for biologics and vaccines |w(CaOODSP)9.848041 |
| 776 | 0#|tAnalytique pour produits biologiques et vaccins |w(CaOODSP)9.848045 |
| 856 | 40|qPDF|s142 Ko|uhttps://publications.gc.ca/collections/collection_2018/cnrc-nrc/NR16-185-2017-fra.pdf |